Law enforcement tech guide : how to plan, purchase and manage technology (successfully) : a guide for executives, managers and technologists /

Bibliographic Details
Main Author: Harris, Kelly J.
Corporate Author: United States. Department of Justice. Office of Community Oriented Policing Services
Other Authors: Romesburg, William H.
Format: Government Document eBook
Language:English
Published: Washington, D.C. : U.S. Dept. of Justice, Office of Community Oriented Policing Services, [2002]
Subjects:
Online Access:https://purl.fdlp.gov/GPO/LPS24677

MARC

Tag First Indicator Second Indicator Subfields
LEADER 00000cam a2200000Ia 4500
001 in00001809708
005 20211202195026.0
006 m d f
007 cr mn|||||||||
008 031210s2002 dcua obf f000 0 eng d
035 |a (OCoLC)ocm53882478 
040 |a GPO  |c GPO  |d OCLCQ  |d GPO  |d MvI  |d UtOrBLW 
043 |a n-us--- 
049 |a WWW 
050 4 |a HV8138  |b .H27 2002 (INTERNET) 
074 |a 0720-C-01 (online) 
086 0 |a J 36.8:2003003822 
100 1 |a Harris, Kelly J. 
245 1 0 |a Law enforcement tech guide :  |b how to plan, purchase and manage technology (successfully) : a guide for executives, managers and technologists /  |c [by Kelly J. Harris and William H. Romesburg]. 
246 3 0 |a How to plan, purchase and manage technology (successfully) 
246 3 0 |a Guide for executives, managers and technologists 
264 1 |a Washington, D.C. :  |b U.S. Dept. of Justice, Office of Community Oriented Policing Services,  |c [2002] 
264 4 |c ©2002 
300 |a 1 online resource (xiv, 280 pages) :  |b illustrations 
336 |a text  |b txt  |2 rdacontent 
337 |a computer  |b c  |2 rdamedia 
338 |a online resource  |b cr  |2 rdacarrier 
500 |a Title from title screen (viewed on Dec. 10, 2003). 
538 |a Mode of access: Internet from the COPS web site. Address as of 12/10/03: http://www.cops.usdoj.gov/Default.asp?Item=512 ; current access available via PURL. 
500 |a Title from title screen (viewed Dec. 10, 2003). 
504 |a Includes bibliographical references. 
500 |a Electronic resource. 
650 0 |a Law enforcement  |x Technological innovations  |z United States  |v Handbooks, manuals, etc. 
650 0 |a Police administration  |x Technological innovations  |z United States  |v Handbooks, manuals, etc. 
700 1 |a Romesburg, William H. 
710 1 |a United States.  |b Department of Justice.  |b Office of Community Oriented Policing Services. 
776 0 8 |i Print version:  |a Harris, Kelly J.  |t Law enforcement tech guide  |w (OCoLC)52492317 
856 4 0 |u https://purl.fdlp.gov/GPO/LPS24677  |t 0 
999 |a MARS 
999 f f |s 4734b03c-d099-3aac-91bb-b4d77f2b213e  |i e028c6e4-236f-3f93-a4c5-b1d99b3a3f90  |t 0 
952 f f |a Texas A&M University  |b College Station  |c Electronic Resources  |d Available Online  |t 0  |e J 36.8:2003003822  |h Superintendent of Documents classification 
998 f f |a J 36.8:2003003822  |t 0  |l Available Online